Riconosci il Pokémon - Quiz n°966 - Statistics

Statistiche generali
  • Questo quiz è stato fatto 5 volte
  • Il punteggio medio è 8 su 10
Statistiche sulle risposte
Indizio Risposta % Corretto
Tipo Acqua
100%
Abilità Assorbacqua; Umidità; Nuotovelox
100%
Stadio evoluzione Forma Base
100%
Generazione Prima
100%
Altezza 0,6 m
80%
Peso 12,4 kg
80%
Tasso di cattura 255 (43.9%)
60%
Sesso 50% ♂, 50% ♀
60%
Tasso di allevamento Medio-Lento
60%
Pokémon Poliwag
60%
Nessun quiz corrispondente trovato
Distribuzione punteggi
Percentuale di utenti per punteggio
Percentile per numero di risposta
I tuoi punteggi nel tempo
Non hai fatto questo quiz